01270nam a2200289 a 450000100060000000300080000600500170001400800410003102000220007203500210009404000350011504100080015008200290015810000280018724500600021526000490027530000350032450400640035965000520042365100520047565100520052765100520057994200120063199900170064395201610066095201590082164479BD-RjUL20211209081320.0170215s2006 enka b 001 0 eng d a0340760400 (pbk.) a(BD-RjUL) 64609 aBD-RjULcBD-RjULdBD-RjULbeng aeng04a947.009034223bARH 20061 aArmour, Ian D.919128812aA history of Eastern Europe 1740-1918 /cIan D. Armour. aLondon :bHodder Arnold ;aNew York :c2006. aviii, 288 p. :bill. ;c24 cm. aIncludes bibliographical references (p. 259-278) and index. aEurope, EasternxHistoryy18th century.9191289 0aEurope, EasternxHistoryy18th century.9191289 0aEurope, EasternxHistoryy19th century.9191290 0aEurope, EasternxHistoryy20th century.9191291 2ddccBK c64479d64479 00102ddc40718NFICaRUCLbRUCLcReadingd2009-06-24eAhsania Mission Book Dis.g2102.35l0o947.009034 ARH 2006r2017-02-15 00:00:00tC-1w2017-02-15yBK 00102ddc40708NFICaRUCLbRUCLcStackd2009-06-24eAhsania Mission Book Dis.g2102.35l0o947.009034 ARH 2006r2017-02-15 00:00:00tC-2w2021-12-09yBK